1218 1172 1172 1781 1531 1746 1760 1680 1486 1981 1117 1831 1383 1393 1262 1887 1793 1854 1691 1233 1903 1755 1278 1265 1477 1828 1389 1781 1223 1917 1880 1968 1863 1637 1455 1775 1850 1019 1965 1892 1530 1035 1377 1692 1991 1087 1412 1542 1875 1829 1049 1687 1134 1027 1992 1541 1638 1441 1393 1616 1741 1254 1757 1428 1976 1962 1860 1925 1355 1092 1871 1868 1209 1524 1441 1987 1843 1334 1036 1232 1018 1036 1843 1872 1913 1545 1597 1292 1721 1409 1956 1343 1635 1398 1439 1682 1824 1335 1680 BCNSPRNW ULIB Ver.6.0+V

เปลี่ยนเป็นภาษาไทย

Change to English
 แสดงรายละเอียดบรรณานุกรม
  กลับหน้าหลัก

Brief Record : Get Marc (ISO 2709) : E-mail record : QR code < ปิดหน้าต่าง
LEADER : 00000nam 2200000uu 4500
001    13399123669
003     ULIB
008    141104s2556||||th 000 0 tha d
020    ^a9786162793332
060 04 ^aWI141^bE56
245 00 ^aEndoscopic complications /^cบรรณาธิการ, สุพจน์ พงศ์ประสบชัย ...[และคนอื่นๆ]
250    ^aพิมพ์ครั้งที่ 1
260    ^aกรุงเทพฯ :^bกรุงเทพเวชสาร,^c2556
300    ^aก-ซ, 174 หน้า :^bภาพประกอบ (สีบางภาพ) ;^c22 ซม.
650  4 ^aกระเพาะอาหารและลำไส้, โรค
650  4 ^aเอ็นโดสโคปีย์
650  4 ^aการส่องกล้อง
700 0  ^aสุพจน์ พงศ์ประสบชัย,^eบรรณาธิการ
945    ^p500^l0^i036678
945    ^p500^l0^i036679
945    ^p500^l0^i036680
999    ^aเกษร โพธิ์สุวรรณ
รายการนี้ยังไม่มีแท็ก
คุณยังไม่ได้ล็อกอิน คุณสามารถมีกิจกรรมร่วมกับเว็บไซต์ได้ แต่ต้องล็อกอินก่อน ::
  ล็อกอิน

รายการสื่อสารสนเทศ

ลำดับที่ ประเภท เลขเรียก/บาร์โค้ด สถานที่ สถานะ
1. วิทยาศาสตร์การแพทย์ และสุขภาพ
หนังสือสำรอง
สถานะ=หนังสือสำรอง
WI141 E56 ฉ.1 
  Barcode: 036678
ห้องสมุดวิทยาเขตสวรรค์ประชารักษ์
►ส่วนจัดเก็บหนังสือเก่า สปร
บนชั้น
  ขอยืม
2. วิทยาศาสตร์การแพทย์ และสุขภาพ
วิทยาศาสตร์การแพทย์ และสุขภาพ
WI141 E56 ฉ.2 
  Barcode: 036679
ห้องสมุดวิทยาเขตสวรรค์ประชารักษ์
►ส่วนจัดเก็บหนังสือเก่า สปร
บนชั้น
  ขอยืม
3. วิทยาศาสตร์การแพทย์ และสุขภาพ
วิทยาศาสตร์การแพทย์ และสุขภาพ
WI141 E56 ฉ.3 
  Barcode: 036680
ห้องสมุดวิทยาเขตสวรรค์ประชารักษ์
►ส่วนจัดเก็บหนังสือเก่า สปร
บนชั้น
  ขอยืม

รายการใกล้เคียง
    หัวเรื่อง [กระเพาะอาหารและลำไส้, โรค]
    หัวเรื่อง [เอ็นโดสโคปีย์]
    หัวเรื่อง [การส่องกล้อง]

BibComment


ยังไม่เคยถูกคอมเมนท์

คอมเมนท์ทรัพยากรรายการนี้
  คอมเมนท์: Endoscopic compl..


 Copyright 2026. Bcnsprnw @Library